000 00410nam a2200169 a 4500
020 _a8120239
082 0 0 _a305.6
_bKHA
100 _aKhan, Afaque
245 _aGandhian Approach to Communalism
260 _aDelhi
_bAjanta Publications
_c1986
300 _a140p
500 _aincludes index and biblioraphy
505 2 _aIndex
650 _aCommunalism-India
700 1 _aKhan, Afaque
942 _cBK
999 _c6423
_d6423